| 000 | 00485nam a2200169Ia 4500 | ||
|---|---|---|---|
| 008 | 090201s9999 xx 000 0 und d | ||
| 010 | _aKPL-33056 | ||
| 040 | _bमराठी | ||
| 041 | _aमराठी | ||
| 082 |
_a40318 _b33056 |
||
| 100 | _aना सी फडके | ||
| 245 |
_aचांदणी _cना सी फडके |
||
| 260 |
_c2004 _bसरीता प्रकाशन |
||
| 300 |
_a208 _bमोठा |
||
| 600 | _aचांदणी | ||
| 942 | _cBOOK | ||
| 999 |
_c237578 _d237578 |
||